| 000 | 00833nam a22001697a 4500 | ||
|---|---|---|---|
| 003 | BD-DhUL | ||
| 005 | 20170327120153.0 | ||
| 008 | 170327s2005 bg ||||| |||| 00| 0 eng | ||
| 040 |
_aBD-DhUL _cBD-DhUL |
||
| 082 |
_a382.5 _bBAB |
||
| 110 | 2 | _aবাংলাদেশ ব্যাংক। পরিসংখ্যান বিভাগ | |
| 245 | 1 | 0 |
_aবার্ষিক রপ্তানী আয়, ২০০৪-২০০৫ = Annual export receipts 2004-2005 / _cবাংলাদেশ ব্যাংক। পরিসংখ্যান বিভাগ |
| 260 |
_aঢাকা : _bজনসংযোগ ও প্রকাশনা বিভাগ, বাংলাদেশ ব্যাংক, _c২০০৫. |
||
| 300 |
_a৩৮৩ p. : _c25 cm. |
||
| 651 | 0 |
_2বাণিজ্য _aBangladesh |
|
| 942 |
_2ddc _cREF |
||
| 999 |
_c168085 _d168085 |
||